000 00505nam a2200169Ia 4500
008 090711s9999 xx 000 0 und d
082 _b24969
100 _aगांगल वसंत
245 _aएक दिवस असा येतो
260 _c1971
300 _a80
600 _aगांगल वसंत
630 _aएक दिवस असा येतो
700 _aगांगल वसंत
730 _aएक दिवस असा येतो
942 _cBOOK
999 _c287545
_d287545